000 00927nam a2200277 a 4500
008
020 _a0240515897 (pbk. )
049 _aMAIN
090 _aPN4784.E5
_bHER
100 1 _aHerbert, John.
245 1 0 _aJournalism in the digital age :
_btheory and practice for broadcast, print and on-line media /
_cJohn Herbert.
260 _aOxford :
_bFocal Press,
_c2000.
300 _axiv, 349 p. ;
_c24 cm.
504 _aIncludes bibliographical references (p. 325-342).
500 _aIncludes Index.
650 0 _aJournalism
_xData processing.
650 0 _aTelecommunication
_xTechnological innovations.
650 0 _aBroadcast journalism
_xData processing.
650 0 _aInteractive multimedia.
650 0 _aElectronic publishing.
907 _a.b10077017
_b05-06-13
_c13-06-03
003
005 20230123122013.0
040 _cNUST
942 _cBOOKS
_kPN4784.E5
_mHER
999 _c126144
_d126144